=LDR 00000nam 2200000 4500 =001 NUTBA000000000002308 =005 20140611150452.0 =006 =007 =008 =020 ##$$a 978-602-98179-8-0 =035 ##$$a 0010-061400000000251 =040 ##$$a NBPDMAT =082 ##$$a 636.39 =090 ##$$a 636.39 $b Yul b =100 ##$$a A.Yulianto =245 ##$$a Budidaya kambing ettawa / $c A. Yulianto ; penyunting, Chrisna =260 ##$$a Jogjakarta : $b Javalitera, $c 2012 =300 ##$$a 102 hlm. : $b ilus. ; $c 21 cm. =500 ##$$a Bibliografi : hlm. 95 =650 ##$$a Ternak Kambing =700 ##$$a Chrisna =850 ##$$a NBPDMAT =990 ##$$a 21401937